Größte börsennotierte Unternehmen nach Marktkapitalisierung - Statistiken

Allgemein
  • Dieses Quiz wurde 406 mal gespielt
  • Das Durchschnittsergebnis liegt bei 9 aus 25
Antwortstatistiken
Platz Unternehmen % Korrekt
1 Apple
95%
2 Microsoft
85%
6 Tesla
79%
5 Amazon
76%
4 Alphabet
75%
9 Meta
61%
22 Samsung Electronics
57%
15 Walmart
42%
8 Nvidia
39%
17 Nestle
32%
14 Tencent
23%
16 JPMorgan Chase
22%
3 Saudi Aramco
22%
7 Berkshire Hathaway
21%
11 Visa
21%
20 ExxonMobil
20%
13 Johnson Johnson
20%
24 Bank of America
19%
21 Mastercard
19%
19 LVMH
18%
12 UnitedHealth
13%
18 Procter & Gamble
12%
10 Taiwan Semiconductor
8%
23 Kweichow Moutai
4%
25 Hoffmann La Roche
3%
Keine übereinstimmenden Quizze gefunden
Verteilung der Resultate
Anzahl Personen mit jedem Resultat
Perzentil nach korrekt beantworteten Fragen
Ihre Resultats-Entwicklung
Sie haben dieses Quiz noch nicht gespielt